Southville International School and Colleges
Your cart is empty.
  • Cart
  • Lists
    Public lists Eva Luna New books Lux_list list_1
    Your lists Log in to create your own lists
  • Log in to your account
  • Your cookies
  • Search history
Southville International School and Colleges
  • Advanced search
  • Recent comments
  • Most popular
  • Libraries

Log in to your account

Log in with GOOGLE


If you do not have an external account, but do have a local account, you can still log in:

  1. Home
  2. MARC view: Introducing research methodology
Normal view MARC view ISBD view

Introducing research methodology (Record no. 15739)

[ view plain ]
MARC details
000 -LEADER
fixed length control field 02390cam a22004454a 4500
001 - CONTROL NUMBER
control field 16450038
003 - CONTROL NUMBER IDENTIFIER
control field OSt
005 - DATE AND TIME OF LATEST TRANSACTION
control field 20140310182751.0
008 - FIXED-LENGTH DATA ELEMENTS--GENERAL INFORMATION
fixed length control field 100908s2011 caua b 001 0 eng d
010 ## - LIBRARY OF CONGRESS CONTROL NUMBER
LC control number 2010936663
020 ## - INTERNATIONAL STANDARD BOOK NUMBER
International Standard Book Number 9781849207812
020 ## - INTERNATIONAL STANDARD BOOK NUMBER
International Standard Book Number 184920781X
020 ## - INTERNATIONAL STANDARD BOOK NUMBER
International Standard Book Number 1849207801
020 ## - INTERNATIONAL STANDARD BOOK NUMBER
International Standard Book Number 9781849207805
035 ## - SYSTEM CONTROL NUMBER
System control number (OCoLC)ocn681498362
040 ## - CATALOGING SOURCE
Original cataloging agency BTCTA
Language of cataloging eng
Transcribing agency BTCTA
Modifying agency YDXCP
-- NLE
-- UPP
-- CDX
-- TXA
-- AZU
-- LHU
-- DLC
041 1# - LANGUAGE CODE
Language code of text/sound track or separate title eng
Language code of original and/or intermediate translations of text ger
042 ## - AUTHENTICATION CODE
Authentication code lccopycat
050 00 - LIBRARY OF CONGRESS CALL NUMBER
Classification number H 62
Item number .F621 2011
082 04 - DEWEY DECIMAL CLASSIFICATION NUMBER
Classification number M 300.721
Item number F621 2011
100 1# - MAIN ENTRY--PERSONAL NAME
Personal name Flick, Uwe,
Dates associated with a name 1956-
240 10 - UNIFORM TITLE
Uniform title <a href="Sozialforschung">Sozialforschung</a>
Language of a work English
245 10 - TITLE STATEMENT
Title Introducing research methodology
Remainder of title a beginner's guide to doing a research project
Statement of responsibility, etc Flick, Uwe
260 ## - PUBLICATION, DISTRIBUTION, ETC. (IMPRINT)
Place of publication, distribution, etc Thousand Oaks, Calif.
Name of publisher, distributor, etc Sage Publications
Date of publication, distribution, etc c2011
300 ## - PHYSICAL DESCRIPTION
Extent xx, 271 p. :
Other physical details ill. ;
Dimensions 23 cm.
504 ## - BIBLIOGRAPHY, ETC. NOTE
Bibliography, etc Includes bibliographical references (p. [256]-263) and index.
505 0# - FORMATTED CONTENTS NOTE
Formatted contents note PART ONE: ORIENTATION -- Why Social Research? -- From Research Idea to Research Question -- Reading and Reviewing the Literature -- PART TWO: PLANNING AND DESIGN -- Planning Social Research: Steps of the Research Process -- Designing Social Research -- Deciding Your Methods -- PART THREE: WORKING WITH DATA -- Gathering Data: Quantitative and Qualitative Approaches -- Analyzing Quantitative and Qualitative Data -- E-Research: Doing Social Research Online -- Integrated Social Research: Combination of Different Approaches -- PART FOUR: REFLECTION AND WRITING -- What Is Good Research? Evaluating Your Research Project -- Ethical Issues in Social Research -- Writing Research and Using Results
520 8# - SUMMARY, ETC.
Summary, etc 'Introducing Research Methodology' gives readers the fundamental data collection and analysis skills that they need for their first project, as well as a good understanding of the research process as a whole.
521 ## - TARGET AUDIENCE NOTE
Target audience note
526 ## - STUDY PROGRAM INFORMATION NOTE
Reading level 1210L-1700L
534 ## - ORIGINAL VERSION NOTE
Introductory phrase Originally published in German: Reinbek bei Hamburg : Rowohlt Verlag, c2009,
Note about original under title:
Title statement of original Sozialforschung : Methoden und Anwendungen.
541 ## - IMMEDIATE SOURCE OF ACQUISITION NOTE
-- 1
562 ## - COPY AND VERSION IDENTIFICATION NOTE
Number of copies 1
650 #0 - SUBJECT ADDED ENTRY--TOPICAL TERM
Topical term or geographic name as entry element Social sciences
General subdivision Research.
650 #0 - SUBJECT ADDED ENTRY--TOPICAL TERM
Topical term or geographic name as entry element Research
General subdivision Methodology.
906 ## - LOCAL DATA ELEMENT F, LDF (RLIN)
a 7
b cbc
c copycat
d 2
e ncip
f 20
g y-gencatlg
942 ## - ADDED ENTRY ELEMENTS (KOHA)
Source of classification or shelving scheme Library of Congress Classification
Koha item type Books
Call number prefix
Holdings
Withdrawn status Lost status Source of classification or shelving scheme Damaged status Home library Current library Shelving location Date acquired Total Checkouts Full call number Barcode Date last seen Date checked out Copy number Price effective from Koha item type
    Library of Congress Classification   College Library College Library General Circulation Section 11/06/2012 3 H 62 .F621 2011 c16383 07/31/2018 07/30/2018 1 11/06/2012 Books

Introducing research methodology

APA

Flick U., . (2011). Introducing research methodology. Thousand Oaks, Calif: Sage Publications.

Chicago

Flick Uwe, . 2011. Introducing research methodology. Thousand Oaks, Calif: Sage Publications.

Harvard

Flick U., . (2011). Introducing research methodology. Thousand Oaks, Calif: Sage Publications.

MLA

Flick Uwe, . Introducing research methodology. Thousand Oaks, Calif: Sage Publications. 2011.

  • Place hold
  • Print
  • Cite
  • Add to your cart (remove)
  • Save record
    BIBTEX Dublin Core MARCXML MARC (non-Unicode/MARC-8) MARC (Unicode/UTF-8) MARC (Unicode/UTF-8, Standard) MODS (XML) RIS
  • More searches
    Search for this title in:
    Other Libraries (WorldCat) Other Databases (Google Scholar) Online Stores (Bookfinder.com) Open Library (openlibrary.org)

Exporting to Dublin Core...

SOUTHVILLE LIBRARY

Southville International School and Colleges Library

1281 Tropical Ave. Cor. Luxembourg St., BF Homes International, Las Pinas City

Tel. No. 8256374 / 252358 Loc. 117/146

Powered by Koha